| Поле | Название | Значение |
| |
Тип записи |
a |
| |
Библиографический уровень |
m |
| 001 |
Контрольный номер |
5541eb35c9f34ab0be5f1061cd8edb94 |
| 005 |
Дата корректировки |
20140507111503.1 |
| 200 |
Заглавие и сведения об ответственности |
__ |
| a |
Заглавие |
Судебная медицина |
| e |
Сведения, относящиеся к заглавию |
Учебная программа для специальности 030501 "Юриспруденция" |
| 210 |
Выходные данные |
__ |
| a |
Место издания |
М. |
| c |
Издательство |
Российский университет кооперации |
| d |
Дата издания |
2007 |
| 215 |
Физическое описание |
__ |
| a |
Объем |
16 с. |
| 320 |
Библиография |
__ |
| a |
Библиография |
Библиогр. |
| 600 |
Персоналии |
__ |
| a |
Персоналии (Фамилия) |
Судебная медицина |
| 686 |
Индексы других классификаций |
__ |
| a |
Классификационный индекс |
58 |
| 700 |
Автор |
__ |
| a |
Фамилия |
Кондрашова |
| b |
Имя |
Н.П. |
| 852 |
Данные о местонахождении |
__ |
| i |
Авторский знак |
К 642 |
| 901 |
Тип документа |
__ |
| t |
Тип документа |
m |
| 911 |
|
__ |
| u |
|
0020=программно-методическое |
| u |
|
002c=с/д |
| 938 |
Служебная информация |
__ |
| a |
Название организации |
Волгоградский филиал |
| b |
Имя БД |
Учебно-методическая литература_ВКИ |
| c |
Название АИБС |
АИБС МАРК-SQL |
| 990 |
|
__ |
| h |
|
479 |
| j |
|
1 |
| n |
|
4039 |